[Event "Nordhausen op 14th"]
[Site "Nordhausen"]
[Date "2024.07.28"]
[Round "7"]
[White "Huber, Benedikt"]
[Black "Jugelt, Tobias"]
[Result "1-0"]
[WhiteElo "2268"]
[BlackElo "2351"]
[PlyCount "91"]
[EventDate "2024.07.25"]
[EventType "swiss"]
[EventRounds "7"]
[EventCountry "GER"]
[SourceTitle "CB31_2024"]
[SourceDate "2024.07.31"]
[SourceVersion "1"]
[SourceVersionDate "2024.07.31"]
[SourceQuality "1"]

1. e4 d5 2. exd5 Qxd5 3. Nc3 Qd8 4. d4 Nf6 5. Nf3 Bg4 6. h3 Bxf3 7. Qxf3 c6 8. Be3 e6 9. 0-0-0 Nbd7 10. Kb1 Nb6 11. Ne4 Nxe4 12. Qxe4 Nd5 13. Bc1 b5 14. f4 Be7 15. g4 Qd7 16. c3 f5 17. Qc2 0-0 18. Bd3 Bd6 19. Rdf1 Rf7 20. Rhg1 Raf8 21. Bd2 Qc7 22. gxf5 exf5 23. Rg5 g6 24. Qc1 Kh8 25. Rg2 Re7 26. h4 Rfe8 27. h5 Ne3 28. Bxe3 Rxe3 29. Qd1 gxh5 30. Qxh5 Bxf4 31. Qxf5 Bh6 32. Kc2 Qe7 33. Rh1 Rf8 34. Qh5 Re6 35. Rgh2 Rff6 36. Qg4 Qf8 37. Rh3 Rf2+ 38. Kb1 Ref6 39. a3 Rd2 40. Qe4 Qg7 41. Rg3 Qf7 42. Qe5 Rxd3 43. Rxd3 Bf4 44. Qe4 Bg5 45. d5 cxd5 46. Rxd5 1-0

[Event "Werther Schloss op 27th"]
[Site "Werther"]
[Date "2024.03.24"]
[Round "6"]
[White "Jugelt, Tobias"]
[Black "Langheinrich, Ferenc"]
[Result "0-1"]
[WhiteElo "2354"]
[BlackElo "2338"]
[PlyCount "94"]
[EventDate "2024.03.21"]
[EventType "swiss"]
[EventRounds "7"]
[EventCountry "GER"]
[SourceTitle "CB13_2024"]
[SourceDate "2024.03.27"]
[SourceVersion "1"]
[SourceVersionDate "2024.03.27"]
[SourceQuality "1"]

1. d4 Nf6 2. c3 b6 3. Bf4 Bb7 4. e3 g6 5. h3 Bg7 6. Nd2 0-0 7. Ngf3 d6 8. a4 a5 9. Bc4 Nbd7 10. 0-0 e6 11. Bg5 Qe7 12. e4 h6 13. Bxf6 Qxf6 14. Re1 e5 15. Qb3 Qe7 16. Bd5 c6 17. Bc4 Kh8 18. Bf1 f5 19. Qa3 fxe4 20. Nxe4 c5 21. dxe5 Nxe5 22. Nxe5 Qxe5 23. Bd3 Qf4 24. Re2 Be5 25. g3 Qf3 26. Re3 Qf5 27. f4 Bxf4 28. gxf4 Qxf4 29. Rae1 d5 30. c4 dxe4 31. Qc3+ Kg8 32. Bxe4 Bxe4 33. Rxe4 Qf2+ 34. Kh1 Rf3 35. R4e2 Qg3 36. Qc1 Qxh3+ 37. Rh2 Qf5 38. Rxh6 Rf8 39. Rh2 Rf1+ 40. Rxf1 Qxf1+ 41. Qxf1 Rxf1+ 42. Kg2 Rc1 43. Rh4 Rc2+ 44. Kf3 Rxb2 45. Ke4 Rb4 46. Kd5 Rxa4 47. Re4 Kg7 0-1

[Event "Werther Schloss op 27th"]
[Site "Werther"]
[Date "2024.03.22"]
[Round "3"]
[White "Phatak, Aanjaneya"]
[Black "Jugelt, Tobias"]
[Result "1/2-1/2"]
[WhiteElo "2040"]
[BlackElo "2354"]
[PlyCount "100"]
[EventDate "2024.03.21"]
[EventType "swiss"]
[EventRounds "7"]
[EventCountry "GER"]
[SourceTitle "CB13_2024"]
[SourceDate "2024.03.27"]
[SourceVersion "1"]
[SourceVersionDate "2024.03.27"]
[SourceQuality "1"]

1. e4 g6 2. d4 Bg7 3. Nf3 d6 4. Be3 Nf6 5. Nc3 c6 6. Qd2 Bg4 7. Bh6 Bxh6 8. Qxh6 Bxf3 9. gxf3 Qa5 10. Be2 Nbd7 11. Qe3 e5 12. dxe5 dxe5 13. f4 exf4 14. Qxf4 0-0 15. 0-0-0 Rae8 16. Rd6 Kg7 17. Rhd1 Re7 18. Qd2 Qc5 19. f4 Nb6 20. Rd4 Qa5 21. Bf3 c5 22. e5 Ng8 23. Re4 Rd7 24. Qf2 Rxd1+ 25. Bxd1 f5 26. exf6+ Nxf6 27. Re7+ Rf7 28. Rxf7+ Kxf7 29. f5 Nbd7 30. fxg6+ hxg6 31. Bg4 Kg7 32. Qe2 Qd8 33. Bh3 b6 34. Qd3 Qe7 35. Bxd7 Nxd7 36. Ne2 Nf6 37. a3 Qe5 38. h3 Qg5+ 39. Kb1 Qe5 40. Nc3 Kh6 41. Qd2+ Kh5 42. Ne2 g5 43. Qd3 Kh6 44. Ng3 Qe1+ 45. Ka2 Qe6+ 46. b3 Qe5 47. Nf5+ Kh5 48. Ng7+ Kh6 49. Nf5+ Kh5 50. Ng7+ Kh6 1/2-1/2

[Event "Werther Schloss op 26th"]
[Site "Werther"]
[Date "2023.04.02"]
[Round "7"]
[White "Naidich, Vasily"]
[Black "Jugelt, Tobias"]
[Result "0-1"]
[WhiteElo "2043"]
[BlackElo "2374"]
[PlyCount "75"]
[EventDate "2023.03.30"]
[EventType "swiss"]
[EventRounds "7"]
[EventCountry "GER"]
[SourceTitle "CBM 213 Extra"]
[Source "ChessBase"]
[SourceDate "2023.05.31"]
[SourceVersion "1"]
[SourceVersionDate "2023.05.31"]
[SourceQuality "1"]

1. d4 d5 2. c4 e6 3. Nf3 a6 4. cxd5 exd5 5. Nc3 Nf6 6. Bg5 Be6 7. Bxf6 Qxf6 8. Qb3 Ra7 9. h4 Bd6 10. e3 Nd7 11. Bd3 c6 12. Qc2 Bb4 13. a3 Bxc3+ 14. Qxc3 c5 15. Rc1 c4 16. Bb1 Bf5 17. Ne5 Bxb1 18. Rxb1 Qf5 19. 0-0 0-0 20. e4 dxe4 21. Nxd7 Qxd7 22. Qxc4 b5 23. Qc3 Rc7 24. Qe3 Rc4 25. Rfd1 Qd5 26. Rbc1 Rfc8 27. Rxc4 Rxc4 28. Rc1 f5 29. Rxc4 bxc4 30. g3 g6 31. h5 Kg7 32. hxg6 hxg6 33. Kf1 Kf7 34. Ke2 Qb5 35. Qc3 Ke6 36. Ke3 g5 37. f3 exf3 38. Kxf3 0-1

[Event "Werther Schloss op 26th"]
[Site "Werther"]
[Date "2023.04.01"]
[Round "5"]
[White "Jugelt, Tobias"]
[Black "Bilovil, Bogdan"]
[Result "0-1"]
[WhiteElo "2374"]
[BlackElo "2338"]
[PlyCount "64"]
[EventDate "2023.03.30"]
[EventType "swiss"]
[EventRounds "7"]
[EventCountry "GER"]
[SourceTitle "CBM 213 Extra"]
[Source "ChessBase"]
[SourceDate "2023.05.31"]
[SourceVersion "1"]
[SourceVersionDate "2023.05.31"]
[SourceQuality "1"]

1. Nf3 Nf6 2. g3 d5 3. c4 e6 4. Bg2 Be7 5. b3 d4 6. 0-0 c5 7. e3 Nc6 8. exd4 cxd4 9. d3 Nd7 10. Na3 e5 11. Nc2 a5 12. Rb1 Nc5 13. Ba3 0-0 14. Bxc5 Bxc5 15. Re1 Qd6 16. Ng5 Qg6 17. h4 h6 18. Be4 f5 19. Bd5+ Kh8 20. Kg2 Bd6 21. Rh1 Ne7 22. Qf3 Nxd5 23. Qxd5 Bd7 24. Qxb7 Qe8 25. f3 Bc6 26. Qb6 Qd7 27. Rbe1 Rfb8 28. Nf7+ Kg8 29. Nxe5 Bxe5 30. Qc5 Bf6 31. Re2 Rc8 32. Qb6 Qd6 0-1

[Event "Gelsenkirchen Koenigsspringer op"]
[Site "Gelsenkirchen"]
[Date "2019.12.29"]
[Round "5"]
[White "Wickenfeld, Stefan"]
[Black "Jugelt, Tobias"]
[Result "1/2-1/2"]
[WhiteElo "2175"]
[BlackElo "2405"]
[PlyCount "87"]
[EventDate "2019.12.27"]
[EventType "swiss"]
[EventRounds "7"]
[EventCountry "GER"]
[SourceTitle "CBM 194 Extra"]
[Source "ChessBase"]
[SourceDate "2020.03.31"]
[SourceVersion "1"]
[SourceVersionDate "2020.03.31"]
[SourceQuality "1"]

1. d4 Nf6 2. Nf3 d5 3. g3 Bf5 4. c4 c6 5. Qb3 Qb6 6. Nc3 e6 7. c5 Qxb3 8. axb3 Ne4 9. b4 Nxc3 10. bxc3 Be4 11. Bg2 Nd7 12. Bf4 f6 13. Kd2 e5 14. Be3 Be7 15. Nh4 Bxg2 16. Nxg2 Kf7 17. f4 exf4 18. Nxf4 f5 19. Nd3 Nf6 20. Nf2 a6 21. Bg5 Ng4 22. Be3 Nxe3 23. Kxe3 Bg5+ 24. Kd3 Rae8 25. Nd1 Re4 26. Rf1 g6 27. Rf3 h5 28. h4 Bh6 29. e3 Rhe8 30. Ra2 R4e7 31. Re2 Kf6 32. c4 dxc4+ 33. Kxc4 Re4 34. Kd3 Ke6 35. Nb2 Kd7 36. Nc4 Kc7 37. Rf1 R8e7 38. Rf3 Bg7 39. Rf4 R4e6 40. Rf1 Re4 41. Nd6 Rg4 42. Rf3 Ree4 43. Kd2 Re7 44. Kd3 1/2-1/2

[Event "Dortmund Sparkassen op 47th"]
[Site "Dortmund"]
[Date "2019.07.21"]
[Round "9"]
[White "Heck, Norbert"]
[Black "Jugelt, Tobias"]
[Result "1/2-1/2"]
[WhiteElo "2211"]
[BlackElo "2403"]
[PlyCount "64"]
[EventDate "2019.07.13"]
[EventType "swiss"]
[EventRounds "9"]
[EventCountry "GER"]
[SourceTitle "EXT 2020"]
[Source "ChessBase"]
[SourceDate "2019.10.17"]
[SourceVersion "1"]
[SourceVersionDate "2019.10.17"]
[SourceQuality "1"]

1. Nf3 f5 2. d4 Nf6 3. g3 g6 4. Bg2 Bg7 5. 0-0 e6 6. c4 0-0 7. Nc3 d6 8. Qc2 Na6 9. Rd1 Qe7 10. e4 e5 11. dxe5 dxe5 12. Bg5 c6 13. Qd2 Nc5 14. exf5 Bxf5 15. Nh4 Bg4 16. f3 Be6 17. b3 e4 18. Nxe4 Ncxe4 19. fxe4 Rad8 20. Qe1 Qc5+ 21. Be3 Qa3 22. Rxd8 Rxd8 23. Rd1 Rxd1 24. Qxd1 Qxa2 25. Qd8+ Kf7 26. Bc5 Qb1+ 27. Bf1 Qxe4 28. Qe7+ Kg8 29. Qd8+ Kf7 30. Qe7+ Kg8 31. Qd8+ Kf7 32. Qe7+ Kg8 1/2-1/2

[Event "Dortmund Sparkassen op 47th"]
[Site "Dortmund"]
[Date "2019.07.20"]
[Round "8"]
[White "Jugelt, Tobias"]
[Black "Baerwolf, Steven"]
[Result "1-0"]
[WhiteElo "2403"]
[BlackElo "2176"]
[PlyCount "53"]
[EventDate "2019.07.13"]
[EventType "swiss"]
[EventRounds "9"]
[EventCountry "GER"]
[SourceTitle "EXT 2020"]
[Source "ChessBase"]
[SourceDate "2019.10.17"]
[SourceVersion "1"]
[SourceVersionDate "2019.10.17"]
[SourceQuality "1"]

1. g3 d5 2. f4 Nf6 3. Nf3 c5 4. Bg2 g6 5. 0-0 Bg7 6. e3 0-0 7. d3 Nc6 8. Qe2 Bg4 9. h3 Bxf3 10. Qxf3 Qc7 11. e4 dxe4 12. dxe4 Rad8 13. Nc3 Nd4 14. Qf2 e6 15. Be3 Nd7 16. Rfd1 Nb6 17. Bf1 f5 18. e5 a6 19. a4 Rf7 20. a5 Nc8 21. Na4 Bf8 22. b4 Rfd7 23. bxc5 Bxc5 24. Nxc5 Qxc5 25. Ra4 Qxc2 26. Rdxd4 Qc6 27. Rac4 1-0

[Event "Dortmund Sparkassen op 47th"]
[Site "Dortmund"]
[Date "2019.07.18"]
[Round "6"]
[White "Jugelt, Tobias"]
[Black "Maes, Wim"]
[Result "1/2-1/2"]
[WhiteElo "2403"]
[BlackElo "2185"]
[PlyCount "23"]
[EventDate "2019.07.13"]
[EventType "swiss"]
[EventRounds "9"]
[EventCountry "GER"]
[SourceTitle "EXT 2020"]
[Source "ChessBase"]
[SourceDate "2019.10.17"]
[SourceVersion "1"]
[SourceVersionDate "2019.10.17"]
[SourceQuality "1"]

1. d4 Nf6 2. g3 g6 3. Bg2 Bg7 4. c4 0-0 5. e3 d6 6. Nc3 Nbd7 7. Nge2 e5 8. 0-0 Re8 9. Qc2 c6 10. h3 Qc7 11. b3 h5 12. f3 1/2-1/2

[Event "Dortmund Sparkassen op 47th"]
[Site "Dortmund"]
[Date "2019.07.13"]
[Round "1"]
[White "Wuebker, Paul Luca"]
[Black "Jugelt, Tobias"]
[Result "0-1"]
[WhiteElo "2009"]
[BlackElo "2403"]
[PlyCount "66"]
[EventDate "2019.07.13"]
[EventType "swiss"]
[EventRounds "9"]
[EventCountry "GER"]
[SourceTitle "EXT 2020"]
[Source "ChessBase"]
[SourceDate "2019.10.17"]
[SourceVersion "1"]
[SourceVersionDate "2019.10.17"]
[SourceQuality "1"]

1. d4 g6 2. c4 Bg7 3. Nc3 c5 4. d5 d6 5. e4 a6 6. a4 e5 7. Bd3 Ne7 8. Bd2 f5 9. exf5 Nxf5 10. Bxf5 Bxf5 11. Nf3 h6 12. Qb3 0-0 13. 0-0 e4 14. Ne1 Nd7 15. Ne2 Qb6 16. Qa2 Qxb2 17. Qxb2 Bxb2 18. Rb1 Bg7 19. Rxb7 Ne5 20. Bc3 Rab8 21. Ra7 Rf7 22. Rxa6 Nxc4 23. Bxg7 Kxg7 24. Ng3 Bc8 25. Rc6 Bb7 26. Nxe4 Bxc6 27. dxc6 d5 28. Nxc5 Nd2 29. Ned3 Nxf1 30. Kxf1 Re7 31. g3 Rb6 32. Nf4 Rxc6 33. Nxd5 Re5 0-1

[Event "Gelsenkirchen Silvester op 6th"]
[Site "Gelsenkirchen"]
[Date "2018.12.30"]
[Round "7"]
[White "Jugelt, Tobias"]
[Black "Wickenfeld, Stefan"]
[Result "1-0"]
[WhiteElo "2411"]
[BlackElo "2186"]
[PlyCount "83"]
[EventDate "2018.12.27"]
[EventType "swiss"]
[EventRounds "7"]
[EventCountry "GER"]
[SourceTitle "CBM 188 Extra"]
[Source "ChessBase"]
[SourceDate "2019.02.26"]
[SourceVersion "1"]
[SourceVersionDate "2019.02.26"]
[SourceQuality "1"]

1. Nf3 Nf6 2. e3 g6 3. b4 Bg7 4. Bb2 0-0 5. Be2 a5 6. b5 c6 7. a4 d5 8. 0-0 h6 9. c4 Be6 10. Na3 c5 11. Qb3 Nbd7 12. Rfc1 Rc8 13. Bc3 b6 14. h3 Qc7 15. Qb2 Ne8 16. Bxg7 Nxg7 17. d3 Rfd8 18. Bd1 Ne8 19. cxd5 Bxd5 20. e4 Ba8 21. Bb3 Qf4 22. Nc4 Nd6 23. Ne3 Kh7 24. Rab1 f5 25. g3 Qxf3 26. Bd1 Qxe3 27. fxe3 fxe4 28. d4 Nf5 29. Bg4 c4 30. Bxf5 gxf5 31. Qa3 Re8 32. Rf1 Kg6 33. Rb2 Nf6 34. Rbf2 e6 35. g4 c3 36. gxf5+ exf5 37. Rxf5 Re6 38. Rxf6+ Rxf6 39. Rxf6+ Kxf6 40. Qd6+ Kg5 41. Qf4+ Kh5 42. Qg4# 1-0

[Event "Gelsenkirchen Silvester op 6th"]
[Site "Gelsenkirchen"]
[Date "2018.12.29"]
[Round "5"]
[White "Jugelt, Tobias"]
[Black "Adiyaman, Rene"]
[Result "1/2-1/2"]
[WhiteElo "2411"]
[BlackElo "2172"]
[PlyCount "91"]
[EventDate "2018.12.27"]
[EventType "swiss"]
[EventRounds "7"]
[EventCountry "GER"]
[SourceTitle "CBM 188 Extra"]
[Source "ChessBase"]
[SourceDate "2019.02.26"]
[SourceVersion "1"]
[SourceVersionDate "2019.02.26"]
[SourceQuality "1"]

1. d4 Nf6 2. g3 g6 3. Bg2 Bg7 4. e4 d6 5. Ne2 Nbd7 6. h3 c5 7. Be3 0-0 8. Nbc3 cxd4 9. Bxd4 Nb8 10. Nd5 Nxd5 11. exd5 b6 12. Bxg7 Kxg7 13. Qd4+ Kg8 14. 0-0-0 Na6 15. Rhe1 Bd7 16. Qe3 Rc8 17. Nd4 Re8 18. Qh6 Qc7 19. Kb1 Nc5 20. h4 e5 21. Nc6 e4 22. Qf4 Bxc6 23. dxc6 d5 24. Qxc7 Rxc7 25. Rxd5 Rxc6 26. Kc1 Rec8 27. Re2 R8c7 28. Kd2 f5 29. Ke3 Kf7 30. Red2 Ke6 31. Bf1 Nb7 32. c4 Rd6 33. Be2 Rc5 34. R5d4 a5 35. b3 Rxd4 36. Rxd4 h6 37. a3 g5 38. hxg5 hxg5 39. b4 axb4 40. axb4 Rc7 41. Rd5 Nd6 42. Kd4 Rd7 43. Re5+ Kf6 44. Rd5 Ke6 45. Re5+ Kf6 46. Rd5 1/2-1/2

[Event "Gelsenkirchen Silvester op 6th"]
[Site "Gelsenkirchen"]
[Date "2018.12.27"]
[Round "1"]
[White "Jugelt, Tobias"]
[Black "Breuer, Leon"]
[Result "1-0"]
[WhiteElo "2411"]
[BlackElo "1709"]
[PlyCount "59"]
[EventDate "2018.12.27"]
[EventType "swiss"]
[EventRounds "7"]
[EventCountry "GER"]
[SourceTitle "CBM 188 Extra"]
[Source "ChessBase"]
[SourceDate "2019.02.26"]
[SourceVersion "1"]
[SourceVersionDate "2019.02.26"]
[SourceQuality "1"]

1. d4 Nf6 2. c4 e6 3. g3 d5 4. Bg2 c6 5. Nd2 Bd6 6. Ngf3 0-0 7. 0-0 Nbd7 8. Qc2 Re8 9. Rd1 Qc7 10. e4 dxe4 11. Nxe4 Nxe4 12. Qxe4 Nf6 13. Qc2 b6 14. c5 bxc5 15. dxc5 Bf8 16. Bd2 Ba6 17. Bc3 Nd5 18. Be5 Qa5 19. Ng5 g6 20. Ne4 Bg7 21. Bxg7 Kxg7 22. a3 Red8 23. b4 Qc7 24. Qb2+ Kg8 25. Rd2 Qe7 26. Rxd5 cxd5 27. Nf6+ Kf8 28. Nxh7+ Kg8 29. Nf6+ Kf8 30. Nxd5 1-0

[Event "Dortmund Sparkassen op-A 46th"]
[Site "Dortmund"]
[Date "2018.07.18"]
[Round "5"]
[White "Jugelt, Tobias"]
[Black "Nalbandian, Tigran"]
[Result "0-1"]
[WhiteElo "2417"]
[BlackElo "2452"]
[PlyCount "84"]
[EventDate "2018.07.14"]
[EventType "swiss"]
[EventRounds "9"]
[EventCountry "GER"]
[SourceTitle "CBM 185 Extra"]
[Source "ChessBase"]
[SourceDate "2018.07.29"]
[SourceVersion "1"]
[SourceVersionDate "2018.07.29"]
[SourceQuality "1"]

1. g3 Nf6 2. f4 d6 3. Nf3 g6 4. Bg2 Bg7 5. 0-0 c6 6. d3 Qb6+ 7. Kh1 d5 8. c3 Nbd7 9. Qe1 0-0 10. Na3 Re8 11. c4 e5 12. cxd5 cxd5 13. fxe5 Nxe5 14. Nxe5 Rxe5 15. Nc2 Bg4 16. e3 Rae8 17. Bd2 Bf5 18. Nb4 d4 19. e4 a5 20. Nc2 Be6 21. b4 a4 22. Bf4 Rh5 23. Kg1 Rc8 24. Qe2 Rc3 25. Rfc1 Ng4 26. h3 Ne5 27. Bxe5 Rxe5 28. Ne1 Rg5 29. Qf2 Qxb4 30. Rcb1 Qd6 31. Qf4 Qxf4 32. gxf4 Rgc5 33. Rxb7 Bh6 34. Rb4 a3 35. Rxd4 Bxf4 36. Kf2 Kg7 37. Ra4 Bc1 38. d4 R5c4 39. Rxc4 Bxc4 40. Bf1 Bb2 41. Rd1 Bxa2 42. Nd3 Bb3 0-1

[Event "Paderborn op 14th"]
[Site "Paderborn"]
[Date "2017.12.28"]
[Round "4"]
[White "Jugelt, Tobias"]
[Black "Levin, Felix"]
[Result "1/2-1/2"]
[WhiteElo "2434"]
[BlackElo "2475"]
[PlyCount "22"]
[EventDate "2017.12.27"]
[EventType "swiss"]
[EventRounds "7"]
[EventCountry "GER"]
[SourceTitle "CBM 182 Extra"]
[Source "ChessBase"]
[SourceDate "2018.02.23"]
[SourceVersion "1"]
[SourceVersionDate "2018.02.23"]
[SourceQuality "1"]

1. d4 Nf6 2. Bf4 b6 3. e3 Bb7 4. Nd2 c5 5. c3 g6 6. h3 Bg7 7. Ngf3 0-0 8. Be2 d6 9. 0-0 Nbd7 10. Bh2 a6 11. a4 Ra7 1/2-1/2

[Event "Paderborn op 14th"]
[Site "Paderborn"]
[Date "2017.12.27"]
[Round "1"]
[White "Boyens, Birger"]
[Black "Jugelt, Tobias"]
[Result "0-1"]
[WhiteElo "1975"]
[BlackElo "2434"]
[PlyCount "54"]
[EventDate "2017.12.27"]
[EventType "swiss"]
[EventRounds "7"]
[EventCountry "GER"]
[SourceTitle "CBM 182 Extra"]
[Source "ChessBase"]
[SourceDate "2018.02.23"]
[SourceVersion "1"]
[SourceVersionDate "2018.02.23"]
[SourceQuality "1"]

1. e4 Nf6 2. Nc3 d5 3. exd5 Nxd5 4. Nxd5 Qxd5 5. c4 Qa5 6. Nf3 c5 7. b3 Nc6 8. Bb2 Bg4 9. h3 Bh5 10. Be2 Rd8 11. Ne5 Nxe5 12. Bxe5 Bg6 13. Bc3 Qc7 14. 0-0 e6 15. Re1 Be7 16. Bxg7 Rg8 17. Bh6 Bf6 18. Rc1 Bb2 19. Rc2 Bd4 20. d3 Qg3 21. Bf3 Bh5 22. Rxe6+ Kd7 23. Rf6 Qxh3 24. Rf4 Rde8 25. Rxd4+ cxd4 26. Qa1 Re1+ 27. Qxe1 Bxf3 0-1

[Event "GER-ch 88th"]
[Site "Apolda"]
[Date "2017.06.30"]
[Round "8"]
[White "Jugelt, Tobias"]
[Black "Huschenbeth, Niclas"]
[Result "1/2-1/2"]
[WhiteElo "2431"]
[BlackElo "2585"]
[PlyCount "106"]
[EventDate "2017.06.23"]
[EventType "swiss"]
[EventRounds "9"]
[EventCountry "GER"]
[SourceTitle "CBM 179 Extra"]
[Source "ChessBase"]
[SourceDate "2017.08.23"]
[SourceVersion "1"]
[SourceVersionDate "2017.08.23"]
[SourceQuality "1"]

1. d4 d5 2. Nf3 Nf6 3. e3 c5 4. b3 cxd4 5. exd4 Nc6 6. a3 Bg4 7. Be2 e6 8. Bb2 Be7 9. 0-0 0-0 10. Ne5 Nxe5 11. dxe5 Bxe2 12. Qxe2 Ne4 13. b4 a5 14. c3 Qb6 15. Kh1 f6 16. f3 Ng5 17. Nd2 fxe5 18. Qxe5 Bf6 19. Qe2 a4 20. Rab1 Rac8 21. c4 Bxb2 22. Rxb2 Qd4 23. Rc2 e5 24. Rd1 Qf4 25. Qd3 dxc4 26. Rxc4 Rcd8 27. Qe2 Rd4 28. Rxd4 exd4 29. Qc4+ Kh8 30. Qd5 Nf7 31. Ne4 Rd8 32. Qxb7 d3 33. Qb6 h6 34. h3 Kg8 35. b5 Rc8 36. Qd4 Ne5 37. Qd5+ Kh8 38. Nf2 Rc1 39. b6 d2 40. b7 Nc6 41. Kg1 Qe3 42. Kh2 Qxf2 43. Qxd2 Qxd2 44. Rxd2 Rb1 45. Rd6 Rxb7 46. Rxc6 Rb3 47. Ra6 Rxa3 48. h4 h5 49. Ra5 g6 50. Ra7 Kg8 51. Kg3 Ra2 52. Kh3 Ra3 53. Kg3 Ra2 1/2-1/2

[Event "GER-ch 88th"]
[Site "Apolda"]
[Date "2017.06.26"]
[Round "4"]
[White "Jugelt, Tobias"]
[Black "Buecker, Stefan"]
[Result "1-0"]
[WhiteElo "2431"]
[BlackElo "2291"]
[PlyCount "95"]
[EventDate "2017.06.23"]
[EventType "swiss"]
[EventRounds "9"]
[EventCountry "GER"]
[SourceTitle "CBM 179 Extra"]
[Source "ChessBase"]
[SourceDate "2017.08.23"]
[SourceVersion "1"]
[SourceVersionDate "2017.08.23"]
[SourceQuality "1"]

1. d4 Nc6 2. Nf3 e6 3. c4 Nf6 4. a3 d5 5. e3 Be7 6. Nc3 Nb8 7. Bd3 Nbd7 8. b4 a5 9. b5 dxc4 10. Bxc4 Bd6 11. Bb2 0-0 12. 0-0 Qe7 13. Qc2 Kh8 14. h3 c5 15. dxc5 Bxc5 16. Rfd1 h6 17. Na4 Bd6 18. Bb3 Rb8 19. e4 Ne8 20. Qd2 e5 21. b6 Ndf6 22. Qxa5 Nh5 23. Rxd6 Qxd6 24. Bxe5 Qg6 25. Bxb8 Bxh3 26. Nh4 Qf6 27. Qxh5 Qxa1+ 28. Kh2 Nf6 29. Be5 Qxe5+ 30. Qxe5 Ng4+ 31. Kxh3 Nxe5 32. Nc5 Rc8 33. Na4 g5 34. Nf5 Rc1 35. f3 h5 36. Bd5 Rh1+ 37. Kg3 h4+ 38. Kf2 Nd3+ 39. Ke3 Nf4 40. Bxb7 Ra1 41. Bc6 Rxa3+ 42. Kd4 Ne6+ 43. Ke5 Nd8 44. Nd4 Ra2 45. b7 Nxb7 46. Bxb7 Rxa4 47. Bc8 f6+ 48. Kxf6 1-0

[Event "GER-ch 88th"]
[Site "Apolda"]
[Date "2017.06.25"]
[Round "3"]
[White "Donchenko, Alexander"]
[Black "Jugelt, Tobias"]
[Result "1-0"]
[WhiteElo "2573"]
[BlackElo "2431"]
[PlyCount "147"]
[EventDate "2017.06.23"]
[EventType "swiss"]
[EventRounds "9"]
[EventCountry "GER"]
[SourceTitle "CBM 179 Extra"]
[Source "ChessBase"]
[SourceDate "2017.08.23"]
[SourceVersion "1"]
[SourceVersionDate "2017.08.23"]
[SourceQuality "1"]

1. c4 c6 2. d4 d5 3. Nf3 Nf6 4. Nc3 e6 5. Bg5 h6 6. Bh4 Nbd7 7. e3 Be7 8. Bd3 b6 9. cxd5 cxd5 10. 0-0 0-0 11. Qe2 Bb7 12. Rac1 Ne4 13. Bxe7 Qxe7 14. Nb5 Rfc8 15. a3 Ndf6 16. Rxc8+ Bxc8 17. Rc1 Ne8 18. Ne5 Bb7 19. f3 N4d6 20. Nc3 Rc8 21. Rf1 Nf6 22. g4 Nd7 23. f4 Ne4 24. Bxe4 dxe4 25. Nxd7 Qxd7 26. h4 f6 27. g5 Qf7 28. Rf2 Kh7 29. Rg2 g6 30. gxf6 Qxf6 31. h5 gxh5 32. Qxh5 Bc6 33. Qg4 Qf7 34. Kh2 Rf8 35. Ne2 Bb5 36. Ng3 Rg8 37. Qh5 Qxh5+ 38. Nxh5 Rxg2+ 39. Kxg2 Kg6 40. Ng3 Bc6 41. Kh3 Bd5 42. Kh4 Bc6 43. Ne2 Kg7 44. Nc3 Kg6 45. Nd1 Ba4 46. Nf2 Bc6 47. Ng4 Kg7 48. Ne5 Ba4 49. Nc4 Bb5 50. Nd6 Bc6 51. Kh5 b5 52. b3 a6 53. b4 Kf6 54. Nc8 Kg7 55. Nd6 Kf6 56. Kxh6 Ke7 57. Nc8+ Kd7 58. Na7 Bd5 59. Kg6 Kc7 60. f5 exf5 61. Kxf5 Kb7 62. Ke5 Bb3 63. Nxb5 axb5 64. Kxe4 Kc6 65. Ke5 Kd7 66. d5 Bd1 67. Kd4 Bf3 68. Kc5 Be2 69. e4 Bd3 70. e5 Be4 71. d6 Bd3 72. e6+ Kxe6 73. Kc6 Bf5 74. Kc7 1-0

[Event "Hannover Ihme Cup"]
[Site "Hannover"]
[Date "2017.04.30"]
[Round "4.2"]
[White "Jugelt, Tobias"]
[Black "Herrmann, Andreas"]
[Result "1-0"]
[WhiteElo "2409"]
[BlackElo "2164"]
[PlyCount "95"]
[EventDate "2017.04.28"]
[EventType "swiss"]
[EventRounds "5"]
[EventCountry "GER"]
[SourceTitle "EXT 2022"]
[Source "ChessBase"]
[SourceDate "2021.10.06"]
[SourceVersion "1"]
[SourceVersionDate "2021.10.06"]
[SourceQuality "1"]

1. d4 Nf6 2. c4 c5 3. dxc5 e6 4. Nc3 Bxc5 5. e3 Nc6 6. Nf3 Be7 7. Be2 0-0 8. 0-0 a6 9. b3 d6 10. Bb2 b6 11. Qd2 Bb7 12. Rfd1 Rc8 13. Rac1 Nb8 14. Qd4 Nbd7 15. Ng5 Ne8 16. Nge4 Nc5 17. Ng3 f5 18. Bf1 Nf6 19. Qd2 Qe8 20. f3 h5 21. Nge2 e5 22. Nd5 Nxd5 23. cxd5 Qf7 24. Nc3 b5 25. b4 Nd7 26. a4 bxa4 27. Nxa4 Rxc1 28. Rxc1 Bd8 29. Bc4 Nb6 30. Nxb6 Bxb6 31. Bxe5 f4 32. Bd4 fxe3 33. Qxe3 Re8 34. Qd2 Bxd4+ 35. Qxd4 Rc8 36. Re1 Qf6 37. Re4 Qxd4+ 38. Rxd4 Re8 39. Kf2 g6 40. h4 Kg7 41. Re4 Rxe4 42. fxe4 Kf6 43. Ke3 Ke5 44. Bd3 Bc8 45. Be2 Bb7 46. g4 hxg4 47. Bxg4 Kf6 48. Kf4 1-0

[Event "GER-ch 87th"]
[Site "Luebeck"]
[Date "2016.10.22"]
[Round "2"]
[White "Jugelt, Tobias"]
[Black "Mueer, Sebastian"]
[Result "1-0"]
[WhiteElo "2418"]
[BlackElo "2289"]
[PlyCount "59"]
[EventDate "2016.10.21"]
[EventType "swiss"]
[EventRounds "9"]
[EventCountry "GER"]
[SourceTitle "EXT 2018"]
[Source "ChessBase"]
[SourceDate "2017.10.13"]
[SourceVersion "1"]
[SourceVersionDate "2017.10.13"]
[SourceQuality "1"]

1. d4 Nf6 2. a3 g6 3. Nf3 Bg7 4. e3 0-0 5. c4 d6 6. Nc3 c5 7. Be2 cxd4 8. exd4 d5 9. c5 Nc6 10. b4 Ne4 11. Bb2 Bg4 12. Qd3 Bxf3 13. Bxf3 Nxc3 14. Bxc3 e6 15. 0-0 a6 16. a4 Qf6 17. Rfd1 Rfd8 18. b5 axb5 19. axb5 Rxa1 20. Bxa1 Na5 21. Qa3 Nc4 22. Qa7 b6 23. c6 Qf4 24. Be2 Qd6 25. Bxc4 dxc4 26. Qxb6 Rb8 27. Qc5 Qxc5 28. dxc5 Bxa1 29. c7 Rf8 30. Rxa1 1-0